Essential Elements – Sudden Death - Statistics

General Stats
  • This quiz has been taken 45 times
  • The average score is 10 of 15
Answers on the Grid
Answers color-coded by a green-red scale on the quiz's grid according to % correct below.
Oxygen
Iron
Gold
Uranium
Radon
Neon
Carbon
Selenium
Fluorine
Potassium
Nitrogen
Lead
Bismuth
Francium
Calcium
Chlorine
Hydrogen
Caesium
Osmium
Copper
Manganese
Neptunium
Thorium
Iodine
Xenon
Beryllium
Cobalt
Hafnium
Copernicium
Sodium
 
Answer Stats
Answer % Correct
Calcium
89%
Iron
89%
Nitrogen
89%
Oxygen
89%
Sodium
89%
Carbon
83%
Hydrogen
78%
Potassium
72%
Iodine
67%
Manganese
67%
Fluorine
61%
Selenium
56%
Chlorine
39%
Copper
33%
Cobalt
6%
No matching quizzes found
Score Distribution
Percent of People with Each Score
Percentile by Number Answered
Your Score History
You have not taken this quiz